000 00540pab a2200181 454500
008 180718b2017 xxu||||| |||| 00| 0 eng d
100 _aDuvendack, Maren
245 _aMicro-finance, women's empowerment and fertility decline in Bangladesh: how important was women's agency?
260 _c2017
300 _ap.664-683.
362 _aMay
650 _aFertility - Bangaladesh
650 _aWomen - Bangaladesh
650 _aWomen
700 _aPalmer-Jones, Richard
773 _aJournal of Development Studies
909 _a114313
999 _c114307
_d114307